James Bond 007 - Statistics

General Stats
  • This quiz has been taken 926 times
  • The average score is 6 of 9
Answer Stats
Hint Answer % Correct
Sean Connery
99%
Roger Moore
96%
Pierce Brosnan
91%
Timothy Dalton
90%
George Lazenby
84%
Daniel Craig
62%
David Niven
54%
Peter Sellers
26%
Barry Nelson
20%
No matching quizzes found
Score Distribution
Percent of People with Each Score
Percentile by Number Answered
Your Score History
You have not taken this quiz